| 000 | 00481nam a2200157Ia 4500 | ||
|---|---|---|---|
| 008 | 220216s9999 xx 000 0 und d | ||
| 100 | _aMarkose V.C. | ||
| 245 | 0 | _aMutation and polyploidy breeding in Hevea brasiliensis Muell. Arg. | |
| 260 |
_bIRRDB Scientific Symposium, Part I, 26-28 September 1974, Cochin, India. _c1974 |
||
| 650 | _aMutation | ||
| 650 | _aPolyploid | ||
| 700 | _aNair V.K.B. | ||
| 700 | _aSaraswathyamma C.K. | ||
| 700 | _aSulochanamma S. | ||
| 942 | _cBS | ||
| 999 |
_c49360 _d49360 |
||